AEW Women's World Champions - Statistics

General Stats
  • This quiz has been taken 921 times
    44 since last reset
  • The average score is 9 of 11
Answer Stats
Title Reigns Last Won Champion % Correct
4 2025 Toni Storm
96%
1 2025 Kris Statlander
92%
1 2026 Thekla
92%
1 2024 Mariah May
88%
1 2023 Saraya
88%
1 2021 Dr. Britt Baker D.M.D.
85%
3 2023 Hikaru Shida
81%
1 2019 Riho
81%
1 2022 Thunder Rosa
77%
1 2022 Jamie Hayter
73%
1 2020 Nyla Rose
69%
No matching quizzes found
Score Distribution
Percent of People with Each Score
Percentile by Number Answered
Your Score History
You have not taken this quiz since the last reset